Ants Bees and Wasps: A Record of Obeservations on the Habits of the Social Hymenoptera (Record no. 584741)

MARC details
000 -LEADER
fixed length control field 00580nam a2200145Ia 4500
008 - FIXED-LENGTH DATA ELEMENTS--GENERAL INFORMATION
fixed length control field 100415s9999 xx 000 0 und d
082 ## - DEWEY DECIMAL CLASSIFICATION NUMBER
Item number 1692
Classification number 595.79
100 ## - MAIN ENTRY--PERSONAL NAME
Personal name Lubbock John Sir
245 ## - TITLE STATEMENT
Title Ants Bees and Wasps: A Record of Obeservations on the Habits of the Social Hymenoptera
260 ## - PUBLICATION, DISTRIBUTION, ETC. (IMPRINT)
Place of publication, distribution, etc LONDON
Date of publication, distribution, etc 1929
Name of publisher, distributor, etc KEGAN PAUL TRENCH TRUBNER CO.
365 ## - TRADE PRICE
Price amount 0
630 ## - SUBJECT ADDED ENTRY--UNIFORM TITLE
Uniform title Ants Bees and Wasps: A Record of Obeservations on the Habits of the Social Hymenoptera
730 ## - ADDED ENTRY--UNIFORM TITLE
Uniform title Ants Bees and Wasps: A Record of Obeservations on the Habits of the Social Hymenoptera
942 ## - ADDED ENTRY ELEMENTS (KOHA)
Koha item type Book
Holdings
Withdrawn status Lost status Damaged status Not for loan Home library Current library Date acquired Cost, normal purchase price Total Checkouts Full call number Barcode Date last seen Price effective from Koha item type
        Bombay Natural History Society Bombay Natural History Society 08/08/1997 0.00   595.79 1692 BNHS-1692 04/15/2010 04/15/2010 Book